| 000 | 01064cam a22002533a 4500 | ||
|---|---|---|---|
| 001 | 29513 | ||
| 003 | PGUSA | ||
| 005 | 20140828083634.0 | ||
| 008 | 090726s2009||||xxu|||||s|||||000 | eng d | ||
| 040 |
_aPGUSA _beng |
||
| 042 | _adc | ||
| 050 | 4 | _aKF | |
| 100 | 1 |
_aMarshall, John, _d1755-1835 |
|
| 245 | 1 | 0 |
_aOpinion of the Supreme Court of the United States, at January Term, 1832, Delivered by Mr. Chief Justice Marshall in the Case of Samuel A. Worcester, Plaintiff in Error, versus the State of Georgia : _bWith a Statement of the Case, Extracted from the Records of the Supreme Court of the United States _h[electronic resource] / _cJohn Marshall |
| 260 |
_bProject Gutenberg, _c2009 |
||
| 506 | _aPublic domain in the USA. | ||
| 516 | _aElectronic text | ||
| 653 | _aGeorgia -- Trials, litigation, etc. | ||
| 653 | _aCherokee Indians -- Missions -- Georgia | ||
| 653 | _aWorcester, S. A. (Samuel Austin), 1798-1859 -- Trials, litigation, etc. | ||
| 830 | 0 |
_aProject Gutenberg _v29513 |
|
| 856 | 4 | 0 | _uhttp://www.gutenberg.org/ebooks/29513 |
| 942 | _cEB | ||
| 999 |
_c258768 _d258768 |
||